| 000 | 01064nam0a22002771 4500 | ||
|---|---|---|---|
| 001 | RU\NLR\INFOCOMM_253\5000014396 | ||
| 005 | 20250613093122.0 | ||
| 035 | _a(NLR Aleph) 009190689 | ||
| 090 |
_a8628490 _c8628490 |
||
| 100 | _a20100402d1986 |||y0rusy50 ca | ||
| 101 | 1 |
_aita _crus |
|
| 102 | _aRU | ||
| 105 | _aa ||||000|y | ||
| 200 | 1 |
_aIl movimento della pace nell'URSS _fOleg Kharkhardin _g[Trad. dal russo di Serghei Popov] |
|
| 210 |
_aΜ. _cCasa ed. dell' Agenzia di stampa "Novosti" _d1986 |
||
| 215 |
_a51 с., [16] л. _cил., цв. ил., факс., портр. _d16 см |
||
| 300 | _aВ вып. дан.: Движение сторонников мира в СССР / Олег Сергеевич Хархардин | ||
| 606 |
_aБорьба за мир _yСССР _2nlr_sh1 |
||
| 686 |
_aТ3(2)73-65 _2rubbk |
||
| 700 | 1 |
_9z01790 _aCharchardin _bO. S. _f1924- _gOleg Sergeevič _4070 |
|
| 790 | 1 |
_9z01700 _aKharkhardin _bO. _gOleg _4070 |
|
| 801 | 1 |
_aRU _bNLR _c20100402 |
|
| 801 | 0 |
_aRU _bNLR _gPSBO |
|
| 852 |
_aNLR _jИр51 Д-2/700 |
||
| 942 | _cBOOK | ||
| 980 | _aNB | ||